| 000 | 00000nam##2200000za#4500 |
| 001 | 9.694147 |
| 003 | CaOODSP |
| 005 | 20220125145842 |
| 007 | cr ||||||||||| |
| 008 | 150407|2008||||xxc|||||o f|0| 0 eng|d |
| 040 | |aCaOODSP|beng |
| 043 | |an-cn--- |
| 086 | 1 |aD2-147/2008E-PDF |
| 110 | 1 |aCanada. |bDepartment of National Defence. |
| 245 | 10|aReligions in Canada / |h[electronic resource]|cPublished by the Directorate of Human Rights and Diversity (DHRD). |
| 250 | |a2nd edition. |
| 260 | |aOttawa - Ontario : |bNational Defence |cJune 2008. |
| 300 | |a152p.|bglossary |
| 500 | |aThe catalogue no. (D2-147/2003) and ISBN (0-662-67193-7) of the 2003 bilingual print edition have been incorrectly copied in this publication. |
| 590 | |a12-25-Supp|b2012-06-04 |
| 690 | 07|aReligion|2gcpds |
| 775 | 08|tLes religions au Canada / |w(CaOODSP)9.639170 |
| 856 | 40|ahttp://publications.gc.ca|qPDF|s9922 KB|uhttps://publications.gc.ca/collections/collection_2011/dn-nd/D2-147-2008-eng.pdf |